Normal view
MARC view
- تعليم عالي-التربية والتعليم-اليابان-تعليم صناعي
Entry Topical Term
001 - CONTROL NUMBER
- control field: 7339
003 - CONTROL NUMBER IDENTIFIER
- control field: JO-AjAnu
005 - DATE AND TIME OF LATEST TRANSACTION
- control field: 20230606071504.0
008 - FIXED-LENGTH DATA ELEMENTS
- fixed length control field: 230606|| aca||aabn | a|a d
040 ## - CATALOGING SOURCE
- Original cataloging agency: JO-AjAnu
- Transcribing agency: JO-AjAnu
150 ## - HEADING--TOPICAL TERM
- Topical term or geographic name entry element: تعليم عالي-التربية والتعليم-اليابان-تعليم صناعي
670 ## - SOURCE DATA FOUND
- Source citation: Work cat.: (JO-AjAnu)3797: مرسي،محمد منير, author 7338, دراسات في التربية المعاصرة